O správě státu /

Hlavní autor: Xi, Jinping, 1953-
Další autoři: Dobečka, Vlastimil, 1979-, Vicher, Ondřej, 1985-, Sikora, Michal, Hladíková, Kamila, 1978-, Janda, Petr, 1976-, Schusterová, Denisa, 1984-, Motalová, Tereza, 1988-, Lavička, Martin, 1986-, Žuja, Vít, Lembard, Ondřej, Plaček, Ondřej, Bačo, Martin
Jazyk: Čeština
Vydáno: Olomouc : Univerzita Palackého v Olomouci ;Wai wen chu ban she, 2017
Vydání: 1. české vydání
Témata:
Fyzický popis: xvi, 520 stran, 45 nečíslovaných stran obrazových příloh : ilustrace (převážně barevné), portréty ; 24 cm
Knihy
Uloženo v:
LEADER 03683nam a2200889 i 4500
001 nkc20182982053
003 CZ PrNK
005 20190909104045.0
007 ta
008 180227s2017 xr acf e 001 0 cze
015 |a cnb002982053 
020 |a 978-80-244-4909-8  |q (Univerzita Palackého ;  |q brožováno) 
035 |a (OCoLC)1031044805 
040 |a ABA001  |b cze  |e rda 
041 1 |a cze  |h chi 
043 |a a-cc--- 
044 |a xr  |a cc 
045 |a y1y1 
072 7 |a 323  |x Vnitropolitický vývoj, politický život  |2 Konspekt  |9 15 
080 |a 323  |2 MRF 
080 |a 327  |2 MRF 
080 |a 338.2  |2 MRF 
080 |a 36  |2 MRF 
080 |a 329.15  |2 MRF 
080 |a 329.8  |2 MRF 
080 |a (510)  |2 MRF 
080 |a (042.5)  |2 MRF 
080 |a (042.3)  |2 MRF 
080 |a (081)  |2 MRF 
100 1 |a Xi, Jinping,  |d 1953-  |7 jo2015855086  |4 aut 
240 1 0 |a Tan zhi guo li zheng.  |l Česky 
245 1 0 |a O správě státu /  |c Xi Jinping ; z čínského originálu Tan zhi guo li zheng ... přeložili Vlastimil Dobečka, Ondřej Vicher, Michal Sikora, Kamila Hladíková, Petr Janda, Denisa Schusterová, Tereza Motalová, Martin Lavička, Vít Žuja, Ondřej Lembard, Ondřej Plaček, Martin Bačo 
250 |a 1. české vydání 
264 1 |a Olomouc :  |b Univerzita Palackého v Olomouci ;  |a Beijing :  |b Wai wen chu ban she,  |c 2017 
300 |a xvi, 520 stran, 45 nečíslovaných stran obrazových příloh :  |b ilustrace (převážně barevné), portréty ;  |c 24 cm 
336 |a text  |b txt  |2 rdacontent 
337 |a bez média  |b n  |2 rdamedia 
338 |a svazek  |b nc  |2 rdacarrier 
504 |a Obsahuje bibliografické odkazy a rejstřík 
648 7 |a 2012-2014  |7 ch967338  |2 czenas 
648 7 |a 21. století  |7 ch460559  |2 czenas 
650 0 7 |a vnitřní politika  |7 ph135356  |z Čína  |y 21. století  |2 czenas 
650 0 7 |a zahraniční politika  |7 ph127522  |z Čína  |y 21. století  |2 czenas 
650 0 7 |a hospodářská politika  |7 ph114701  |z Čína  |y 21. století  |2 czenas 
650 0 7 |a sociální politika  |7 ph116210  |z Čína  |y 21. století  |2 czenas 
650 0 7 |a komunistické strany  |7 ph121771  |z Čína  |y 21. století  |2 czenas 
650 0 7 |a politické programy  |7 ph323774  |z Čína  |y 21. století  |2 czenas 
650 0 9 |a internal policy  |z China  |y 21st century  |2 eczenas 
650 0 9 |a foreign policy  |z China  |y 21st century  |2 eczenas 
650 0 9 |a economic policy  |z China  |y 21st century  |2 eczenas 
650 0 9 |a social policy  |z China  |y 21st century  |2 eczenas 
650 0 9 |a communist parties  |z China  |y 21st century  |2 eczenas 
650 0 9 |a political programs  |z China  |y 21st century  |2 eczenas 
655 7 |a projevy  |7 fd133137  |2 czenas 
655 7 |a přednášky  |7 fd133199  |2 czenas 
655 7 |a sborníky  |7 fd724345  |2 czenas 
655 9 |a speeches  |2 eczenas 
655 9 |a lectures  |2 eczenas 
655 9 |a papers by one author  |2 eczenas 
700 1 |a Dobečka, Vlastimil,  |d 1979-  |7 xx0221958  |4 trl 
700 1 |a Vicher, Ondřej,  |d 1985-  |7 xx0221959  |4 trl 
700 1 |a Sikora, Michal  |7 xx0221960  |4 trl 
700 1 |a Hladíková, Kamila,  |d 1978-  |7 xx0129920  |4 trl 
700 1 |a Janda, Petr,  |d 1976-  |7 xx0126419  |4 trl 
700 1 |a Schusterová, Denisa,  |d 1984-  |7 ola2015853452  |4 trl 
700 1 |a Motalová, Tereza,  |d 1988-  |7 ola2015853492  |4 trl 
700 1 |a Lavička, Martin,  |d 1986-  |7 xx0144756  |4 trl 
700 1 |a Žuja, Vít  |7 xx0221961  |4 trl 
700 1 |a Lembard, Ondřej  |4 trl 
700 1 |a Plaček, Ondřej  |4 trl 
700 1 |a Bačo, Martin  |4 trl 
910 2 |a BOA001  |b 2-1404.248 
928 9 |a Foreign Language Press 
990 |a BK 
995 |a 01 
991 |b 201803  |c NOV 
996 6 |b 2610736384  |c 2-1404.248  |l MZK  |r Sklad / do 1 hodiny  |n 0  |p p.v.  |w 001654644  |u 000010  |a 1  |e BOA001  |j MZK50  |s P